000 00253 a2200121 4500
001 119959
040 _cEscola Canadense de Niteroi
245 1 0 _aMapa Brasil Vegetação
650 4 _aMapa
650 4 _avegetação
650 4 _aBrasil
942 _cMATP
999 _c119959
_d119959